000
00311nam a22001337a 4500
008
180920b xxu||||| |||| 00| 0 eng d
020
_a
0721623670
041
_a
eng
080
_2
3 ED
_a
610
100
_a
610
101
_a
ANE
245
_a
Anesthesia And Uncommon Diseases
_c
Kadis.K.B
942
_2
udc
_c
BK
999
_c
48106
_d
48106